000 00345nam a2200145Ia 4500
008 230917s9999||||xx |||||||||||||| ||und||
040 _e144953
_aMAIN
041 _aEnglish
082 _a783.6 V699D
100 _aVidhya Devi
245 0 _aDevitya ke geet
260 _aNew Delhi
_bConcept Publishing
_c1984
300 _a318p. p.
942 _cBK
999 _c51773
_d51773